[Event "Timisoara Foisor Memorial Rapid"]
[Site "Timisoara"]
[Date "2023.08.06"]
[Round "9"]
[White "Badescu, Cristian"]
[Black "Kaspi, Alexander"]
[Result "0-1"]
[WhiteElo "1957"]
[BlackElo "2405"]
[PlyCount "76"]
[EventDate "2023.08.05"]
[EventType "swiss (rapid)"]
[EventRounds "10"]
[EventCountry "ROU"]
[SourceTitle "CBM 215 Extra"]
[Source "ChessBase"]
[SourceDate "2023.09.30"]
[SourceVersion "1"]
[SourceVersionDate "2023.09.30"]
[SourceQuality "1"]

1. e4 c5 2. Nf3 d6 3. d4 cxd4 4. Nxd4 Nf6 5. Nc3 a6 6. Be3 e5 7. Nb3 Be6 8. f3 h5 9. Qd2 Nbd7 10. h3 Rc8 11. 0-0-0 b5 12. Kb1 Nb6 13. Rg1 h4 14. Qf2 Nfd7 15. f4 Rxc3 16. bxc3 Na4 17. Bd2 Qc7 18. f5 Bc4 19. g3 d5 20. gxh4 Bc5 21. Qg3 Bxg1 22. Qxg1 Kf8 23. exd5 Ndb6 24. Bg2 Bxd5 25. Be1 Qc6 26. c4 bxc4 27. Bb4+ Kg8 28. Bxd5 Nxd5 29. f6 g6 30. Rxd5 Qxd5 31. Nc1 Qb5 32. a3 a5 33. h5 Rxh5 34. Qa7 Rf5 35. Qa8+ Kh7 36. Qf8 Rxf6 37. Qe7 Rf5 38. Qh4+ Kg7 0-1

[Event "ROM-ch U18"]
[Site "Calimanesti Caciulata"]
[Date "2016.04.25"]
[Round "9"]
[White "Mladinoi, Ion"]
[Black "Badescu, Cristian"]
[Result "0-1"]
[WhiteElo "1001"]
[BlackElo "1954"]
[PlyCount "48"]
[EventDate "2016.04.18"]
[EventType "swiss"]
[EventRounds "9"]
[EventCountry "ROU"]
[SourceTitle "EXT 2017"]
[Source "ChessBase"]
[SourceDate "2016.10.25"]
[SourceVersion "1"]
[SourceVersionDate "2016.10.25"]
[SourceQuality "1"]

1. e4 c6 2. d4 d5 3. exd5 cxd5 4. Nf3 Nc6 5. c3 Nf6 6. Bf4 Qb6 7. Qc1 Bg4 8. Be2 e6 9. Nbd2 Be7 10. 0-0 0-0 11. Nb3 Rfc8 12. Re1 a5 13. a4 Bxf3 14. Bxf3 Qxb3 15. Bd1 Qb6 16. Bc2 Qd8 17. Qd2 Nh5 18. Qd3 g6 19. Bh6 Bg5 20. Bxg5 Qxg5 21. Rab1 Nf4 22. Qf3 Nxd4 23. cxd4 Rxc2 24. Rec1 Ne2+ 0-1

[Event "ROM-ch U18"]
[Site "Calimanesti Caciulata"]
[Date "2016.04.22"]
[Round "6"]
[White "Ursan, Petru Sebastian"]
[Black "Badescu, Cristian"]
[Result "1-0"]
[WhiteElo "2090"]
[BlackElo "1954"]
[PlyCount "57"]
[EventDate "2016.04.18"]
[EventType "swiss"]
[EventRounds "9"]
[EventCountry "ROU"]
[SourceTitle "CBM 172 Extra"]
[Source "ChessBase"]
[SourceDate "2016.06.21"]
[SourceVersion "1"]
[SourceVersionDate "2016.06.21"]
[SourceQuality "1"]

1. Nf3 Nf6 2. g3 d5 3. Bg2 e6 4. c4 Be7 5. d4 c6 6. 0-0 0-0 7. Qc2 Nbd7 8. b3 b6 9. Bb2 Bb7 10. Nc3 Rc8 11. Rad1 Qc7 12. e4 Nxe4 13. Nxe4 dxe4 14. Qxe4 Rfd8 15. Rfe1 Nf6 16. Qc2 b5 17. Ne5 a6 18. g4 c5 19. d5 exd5 20. cxd5 g6 21. g5 Nxd5 22. Ng4 Bxg5 23. Bxd5 Bxd5 24. Qc3 f6 25. Nxf6+ Kf8 26. Nxd5 Qf7 27. Qh8+ Qg8 28. Qe5 Bh6 29. Qe7# 1-0

[Event "ROM-ch U18"]
[Site "Calimanesti Caciulata"]
[Date "2016.04.21"]
[Round "4"]
[White "Tiron, Calin Andrei"]
[Black "Badescu, Cristian"]
[Result "1-0"]
[WhiteElo "1999"]
[BlackElo "1954"]
[PlyCount "127"]
[EventDate "2016.04.18"]
[EventType "swiss"]
[EventRounds "9"]
[EventCountry "ROU"]
[SourceTitle "CBM 172 Extra"]
[Source "ChessBase"]
[SourceDate "2016.06.21"]
[SourceVersion "1"]
[SourceVersionDate "2016.06.21"]
[SourceQuality "1"]

1. Nf3 d5 2. c4 e6 3. b3 Nf6 4. g3 Be7 5. Bg2 0-0 6. 0-0 c5 7. cxd5 Nxd5 8. Bb2 Nc6 9. d3 Bf6 10. Qd2 e5 11. Nc3 Nxc3 12. Bxc3 Re8 13. Qb2 Bg4 14. h3 Bf5 15. g4 Bg6 16. Nd2 Qc7 17. Ne4 Be7 18. f4 exf4 19. Bxg7 Nd4 20. Bxd4 cxd4 21. Rac1 Qe5 22. Qd2 Bxe4 23. Bxe4 Rab8 24. Rc4 Bd6 25. Bf3 a5 26. Qe1 Bb4 27. Qh4 Re6 28. Be4 h6 29. Rfc1 Bc3 30. a4 Kg7 31. Kh1 Rb6 32. Rg1 Qg5 33. Qxg5+ hxg5 34. Rc5 Kh6 35. h4 gxh4 36. g5+ Kg7 37. Rc7 Rg6 38. Bxg6 Kxg6 39. Kg2 Re8 40. Kf2 Bd2 41. Rh1 Kxg5 42. Rxf7 Be3+ 43. Kf3 Rh8 44. Rh3 Kg6 45. Rxb7 Rh5 46. Rb6+ Kf5 47. b4 axb4 48. Rxb4 Ke6 49. Rb5 Rh7 50. Ke4 Rh8 51. a5 Bf2 52. Kxf4 Kd6 53. Kg4 Rg8+ 54. Rg5 Re8 55. Rf3 Bg3 56. Rf6+ Ke7 57. Kf5 Kd8 58. Re6 Rf8+ 59. Ke4 Bf4 60. Rf5 Rxf5 61. Kxf5 Bg3 62. Rh6 Kc7 63. Ke4 Bf2 64. Kd5 1-0

[Event "ROM-ch U18"]
[Site "Calimanesti Caciulata"]
[Date "2016.04.18"]
[Round "1"]
[White "Badescu, Cristian"]
[Black "Patrascu, Catalin Lucian"]
[Result "0-1"]
[WhiteElo "1954"]
[BlackElo "2249"]
[PlyCount "98"]
[EventDate "2016.04.18"]
[EventType "swiss"]
[EventRounds "9"]
[EventCountry "ROU"]
[SourceTitle "CBM 172 Extra"]
[Source "ChessBase"]
[SourceDate "2016.06.21"]
[SourceVersion "1"]
[SourceVersionDate "2016.06.21"]
[SourceQuality "1"]

1. e4 c5 2. Nf3 e6 3. d4 cxd4 4. Nxd4 a6 5. c4 Nf6 6. Bd3 Qc7 7. 0-0 Nc6 8. Nxc6 dxc6 9. Be3 e5 10. h3 Be6 11. Nc3 Rd8 12. Qe2 b5 13. a3 Rxd3 14. Qxd3 Bxc4 15. Qc2 Bxf1 16. Kxf1 Bd6 17. g4 0-0 18. Rc1 Rc8 19. b4 Nd7 20. Qd3 Bf8 21. Nd5 Qb7 22. Qc2 Bd6 23. f3 h6 24. h4 Nf8 25. h5 Ne6 26. Nb6 Rc7 27. Qc3 c5 28. bxc5 Nxc5 29. Qa5 Nb3 30. Rxc7 Nxa5 31. Rxb7 Nxb7 32. Bc1 Nc5 33. Ke2 Nb3 34. Bb2 Nd4+ 35. Bxd4 exd4 36. a4 Bc7 37. Nd5 bxa4 38. Kd3 a3 39. Nb4 Bb6 40. Kc2 a5 41. Nd3 a4 42. Kb1 Bd8 43. Nc5 Be7 44. Nxa4 Bb4 45. Nb6 d3 46. Nd5 d2 47. Ne3 g5 48. Nd1 Kf8 49. Kc2 Ke7 0-1

[Event "ROM-ch U16"]
[Site "Calimanesti"]
[Date "2014.04.09"]
[Round "4"]
[White "Geiger, Alex Emanuel"]
[Black "Badescu, Cristian"]
[Result "1-0"]
[WhiteElo "2026"]
[BlackElo "1910"]
[PlyCount "45"]
[EventDate "2014.04.06"]
[EventType "swiss"]
[EventRounds "9"]
[EventCountry "ROU"]
[SourceTitle "CBM 160 Extra"]
[Source "ChessBase"]
[SourceDate "2014.07.01"]
[SourceVersion "1"]
[SourceVersionDate "2014.07.01"]
[SourceQuality "1"]

1. e4 c6 2. d4 d5 3. f3 dxe4 4. fxe4 e5 5. Nf3 exd4 6. Bc4 Bg4 7. Bxf7+ Kxf7 8. Ne5+ Ke8 9. Qxg4 Qa5+ 10. Bd2 Qxe5 11. Qc8+ Kf7 12. 0-0+ Nf6 13. Qxb7+ Nbd7 14. Qxd7+ Be7 15. Na3 Qc5 16. Rae1 Rhd8 17. Qg4 Kg8 18. Qe6+ Kh8 19. b4 Qb6 20. Qxe7 Qa6 21. Bc1 Re8 22. Qf7 Rad8 23. Rxf6 1-0

[Event "ROM-chT2"]
[Site "Olanesti"]
[Date "2013.10.16"]
[Round "5.6"]
[White "Badescu, Cristian"]
[Black "Rosca, Vasile Benone"]
[Result "1/2-1/2"]
[WhiteElo "1910"]
[BlackElo "2030"]
[PlyCount "129"]
[EventDate "2013.10.12"]
[EventType "team-tourn"]
[EventRounds "9"]
[EventCountry "ROU"]
[SourceTitle "EXT 2014"]
[Source "ChessBase"]
[SourceDate "2013.11.20"]
[SourceVersion "1"]
[SourceVersionDate "2013.11.20"]
[SourceQuality "1"]
[WhiteTeam "Timis Sinandrei"]
[BlackTeam "Targoviste Chindia"]
[WhiteTeamCountry "ROU"]
[BlackTeamCountry "ROU"]

1. e4 e5 2. Nf3 Nc6 3. Bc4 Nf6 4. d3 Be7 5. Nc3 0-0 6. 0-0 d6 7. h3 a6 8. Be3 Na5 9. Bb3 b5 10. Nd2 Nxb3 11. axb3 b4 12. Ne2 d5 13. Ng3 h6 14. f3 c6 15. Kh1 Be6 16. Qe2 g5 17. Rfd1 Ne8 18. Nf5 Bxf5 19. exf5 Nd6 20. g4 Nb5 21. Nf1 Bd6 22. Kg2 Qe7 23. Bg1 Rfe8 24. Qd2 Bc7 25. Re1 Qd6 26. Qf2 Nd4 27. Qd2 Nb5 28. Qf2 a5 29. Qc5 Qd7 30. Ng3 f6 31. Nh5 Kf7 32. Qf2 Nd4 33. Qd2 Qd6 34. Bxd4 exd4 35. Kg1 c5 36. Rf1 Re3 37. Rf2 Rae8 38. Raf1 R8e7 39. Rg2 Qc6 40. h4 gxh4 41. f4 h3 42. Rg3 Qe8 43. Rxe3 Rxe3 44. Kf2 Qb8 45. Kg1 Qg8 46. Qd1 Bd6 47. Kf2 Qb8 48. Kg1 Qe8 49. Kf2 Qe7 50. Qd2 Qe8 51. Qd1 h2 52. Qd2 Qg8 53. Qd1 Qe8 54. Qd2 Qe7 55. Qd1 Rh3 56. Kg2 Qe3 57. Kh1 Rh4 58. Re1 Qf2 59. Rf1 Qe3 60. Re1 Rxg4 61. Qxg4 Qxe1+ 62. Kxh2 Qf2+ 63. Kh3 Qf1+ 64. Kh2 Qf2+ 65. Kh3 1/2-1/2

[Event "ROM-chT2"]
[Site "Olanesti"]
[Date "2013.10.13"]
[Round "2.6"]
[White "Deaconu, Mihai Ionut"]
[Black "Badescu, Cristian"]
[Result "1/2-1/2"]
[WhiteElo "1868"]
[BlackElo "1910"]
[PlyCount "88"]
[EventDate "2013.10.12"]
[EventType "team-tourn"]
[EventRounds "9"]
[EventCountry "ROU"]
[SourceTitle "EXT 2014"]
[Source "ChessBase"]
[SourceDate "2013.11.20"]
[SourceVersion "1"]
[SourceVersionDate "2013.11.20"]
[SourceQuality "1"]
[WhiteTeam "Galati Diana"]
[BlackTeam "Timis Sinandrei"]
[WhiteTeamCountry "ROU"]
[BlackTeamCountry "ROU"]

1. e4 c6 2. Nc3 d5 3. Nf3 dxe4 4. Nxe4 Bg4 5. h3 Bxf3 6. Qxf3 e6 7. b3 Nd7 8. Bb2 Ngf6 9. Nxf6+ Nxf6 10. Bd3 Be7 11. 0-0 0-0 12. g4 Qd5 13. Qxd5 Nxd5 14. Be4 Nf4 15. Bg2 Rfd8 16. Rad1 Bb4 17. d3 f6 18. a3 Bd6 19. Rfe1 Kf7 20. d4 Nxg2 21. Kxg2 Bf4 22. Re4 g5 23. Rde1 Rd6 24. h4 h6 25. h5 Re8 26. Kf3 b5 27. Bc3 Rdd8 28. Bb2 Rb8 29. Bc3 Bd6 30. Bb2 a6 31. Bc1 Rbd8 32. b4 Bc7 33. c3 Rd7 34. Kg2 Rde7 35. f3 e5 36. Be3 exd4 37. Bxd4 Rxe4 38. fxe4 Ke6 39. Kf3 Re7 40. Rd1 Rd7 41. a4 Be5 42. Ke3 Rd6 43. Ra1 Bf4+ 44. Kd3 Be5 1/2-1/2

[Event "ROM-ch U16"]
[Site "Calimanesti"]
[Date "2013.04.05"]
[Round "6"]
[White "Badescu, Cristian"]
[Black "Nastase, Robert Paul"]
[Result "1-0"]
[WhiteElo "1875"]
[BlackElo "2090"]
[PlyCount "101"]
[EventDate "2013.04.02"]
[EventType "swiss"]
[EventRounds "9"]
[EventCountry "ROU"]
[SourceTitle "CBM 153 Extra"]
[Source "ChessBase"]
[SourceDate "2013.04.22"]
[SourceVersion "1"]
[SourceVersionDate "2013.04.22"]
[SourceQuality "1"]

1. e4 c5 2. Nf3 d6 3. d4 cxd4 4. Nxd4 Nf6 5. Nc3 a6 6. Be3 e6 7. f3 b5 8. Qd2 Nbd7 9. g4 h6 10. 0-0-0 Bb7 11. h4 b4 12. Na4 Qa5 13. b3 Nc5 14. a3 Rc8 15. Qxb4 Qc7 16. Rd2 Nfd7 17. Qc3 Nxa4 18. Qxc7 Rxc7 19. bxa4 Nc5 20. a5 e5 21. Nf5 Nb3+ 22. Kd1 Nxd2 23. Kxd2 g6 24. Bb6 Rd7 25. Ne3 d5 26. exd5 Bxd5 27. Nxd5 Rxd5+ 28. Bd3 Bxa3 29. c4 Rd7 30. Ra1 Bb4+ 31. Ke2 0-0 32. Rb1 Be7 33. c5 Rc8 34. Bxa6 Rxc5 35. Bxc5 Bxc5 36. Bb7 f5 37. gxf5 gxf5 38. Bc8 Ra7 39. a6 Kf7 40. Bb7 Be7 41. h5 Ke6 42. Rb6+ Bd6 43. Kd3 Kd7 44. Kc4 Ke6 45. Rc6 f4 46. Kb5 e4 47. fxe4 f3 48. Rc3 f2 49. Rf3 Bg3 50. Kb6 Rxb7+ 51. Kxb7 1-0

[Event "ROM-ch U16"]
[Site "Calimanesti"]
[Date "2013.04.04"]
[Round "4"]
[White "Secheres, Adrian Simion"]
[Black "Badescu, Cristian"]
[Result "0-1"]
[WhiteElo "2172"]
[BlackElo "1875"]
[PlyCount "141"]
[EventDate "2013.04.02"]
[EventType "swiss"]
[EventRounds "9"]
[EventCountry "ROU"]
[SourceTitle "CBM 153 Extra"]
[Source "ChessBase"]
[SourceDate "2013.04.22"]
[SourceVersion "1"]
[SourceVersionDate "2013.04.22"]
[SourceQuality "1"]

1. d4 d5 2. c4 c6 3. Nf3 Nf6 4. Nc3 e6 5. e3 Nbd7 6. Qc2 Bd6 7. b3 Qe7 8. Be2 0-0 9. 0-0 e5 10. cxd5 cxd5 11. Nb5 e4 12. Nxd6 Qxd6 13. Nd2 Nb6 14. a4 Re8 15. Ba3 Qb8 16. a5 Nbd7 17. b4 Nf8 18. b5 Bg4 19. Nb3 b6 20. Rfc1 Bd7 21. Rab1 Ng4 22. g3 h5 23. Qd1 Nh7 24. h3 Nxe3 25. Qd2 Nf5 26. Bxh5 e3 27. Qe2 exf2+ 28. Qxf2 Nf6 29. Bf3 Nxg3 30. Nd2 Bxh3 31. Rc6 Re6 32. Bd6 Rxd6 33. Qxg3 Rxc6 34. Qxb8+ Rxb8 35. bxc6 Bf5 36. Rb5 Bd3 37. Rb3 Bf5 38. Rb5 Be6 39. Nb3 Ne8 40. Rb4 Nc7 41. Nc5 Kf8 42. Be2 Ke7 43. axb6 Rxb6 44. Ra4 a6 45. Bxa6 Nxa6 46. Nxa6 Rxc6 47. Nc5 f5 48. Kf2 Kf6 49. Ra7 g5 50. Rh7 f4 51. Rh6+ Kf5 52. Kf3 Rb6 53. Kf2 Rb2+ 54. Ke1 Bf7 55. Rh7 Kg6 56. Rh8 g4 57. Nd3 Rb1+ 58. Kf2 Kg5 59. Rf8 Rb7 60. Ne5 g3+ 61. Kg2 Rb2+ 62. Kg1 Be6 63. Nf3+ Kh5 64. Rxf4 Bg4 65. Rf8 Bxf3 66. Rxf3 Kg4 67. Rf8 Rd2 68. Rg8+ Kf3 69. Rf8+ Ke3 70. Rg8 g2 71. Rg4 0-1